<?xml version="1.0" encoding="UTF-8"?>
<collection xmlns="http://www.loc.gov/MARC21/slim">
    <record>
        <controlfield tag="001">67597</controlfield>
        <controlfield tag="005">20180223105342.0</controlfield>
        <datafield tag="037" ind1=" " ind2=" ">
            <subfield code="a">GDOC-2016-30306</subfield>
        </datafield>
        <datafield tag="041" ind1=" " ind2=" ">
            <subfield code="a">spa</subfield>
        </datafield>
        <datafield tag="100" ind1=" " ind2=" ">
            <subfield code="0">(orcid)0000-0002-8008-0498</subfield>
            <subfield code="1">385743</subfield>
            <subfield code="a">Fernández-Ferreiros Erviti, Ana María Milagros</subfield>
        </datafield>
        <datafield tag="245" ind1="0" ind2="0">
            <subfield code="9">30306</subfield>
            <subfield code="a">Matemáticas III</subfield>
        </datafield>
        <datafield tag="260" ind1=" " ind2=" ">
            <subfield code="a">Zaragoza</subfield>
            <subfield code="b">Universidad de Zaragoza</subfield>
            <subfield code="c">2016-2017</subfield>
        </datafield>
        <datafield tag="520" ind1=" " ind2=" ">
            <subfield code="a">Breve presentación de la asignatura
Matemáticas III es la asignatura que completa la formación matemática del graduado en Tecnologías y Servicios de Telecomunicación. En ella, el alumno debe aprender a relacionar y aplicar los conceptos y técnicas desarrolladas en las asignaturas previas para a partir de ellas, abordar las propias de los problemas específicos de la Ingeniería de Telecomunicación</subfield>
            <subfield code="b"> </subfield>
        </datafield>
        <datafield tag="521" ind1=" " ind2=" ">
            <subfield code="9">145</subfield>
            <subfield code="a">Ingeniería de Tecnologías y Servicios de Telecomunicación</subfield>
        </datafield>
        <datafield tag="540" ind1=" " ind2=" ">
            <subfield code="a">by-nc-sa</subfield>
            <subfield code="b">Creative Commons</subfield>
            <subfield code="c">3.0</subfield>
            <subfield code="u">http://creativecommons.org/licenses/by-nc-sa/3.0/</subfield>
        </datafield>
        <datafield tag="700" ind1=" " ind2=" ">
            <subfield code="1">435476</subfield>
            <subfield code="a">Martínez Carballo, María Ángeles</subfield>
        </datafield>
        <datafield tag="830" ind1=" " ind2=" ">
            <subfield code="9">438</subfield>
        </datafield>
        <datafield tag="856" ind1="4" ind2=" ">
            <subfield code="s">14470</subfield>
            <subfield code="u">http://zaguan.unizar.es/record/67597/files/guia-30306-es.pdf</subfield>
            <subfield code="y">Guía (idioma español)</subfield>
        </datafield>
        <datafield tag="856" ind1="4" ind2=" ">
            <subfield code="s">8137</subfield>
            <subfield code="u">http://zaguan.unizar.es/record/67597/files/guia-30306-en.pdf</subfield>
            <subfield code="y">Guide (english)</subfield>
        </datafield>
        <datafield tag="970" ind1=" " ind2=" ">
            <subfield code="a">GDOC-2016-30306</subfield>
        </datafield>
        <datafield tag="980" ind1=" " ind2=" ">
            <subfield code="a">GDOC</subfield>
            <subfield code="b">Ingeniería y arquitectura</subfield>
            <subfield code="c">110</subfield>
        </datafield>
    </record>

    
</collection>